日本競馬の帽子の色クイズ - Statistics

General Stats
  • This quiz has been taken 53 times
  • The average score is 7 of 8
Answer Stats
枠番 % Correct
1枠
100%
2枠
95%
3枠
93%
4枠
93%
5枠
93%
6枠
88%
7枠
81%
8枠
81%
No matching quizzes found
Score Distribution
Percent of People with Each Score
Percentile by Number Answered
Your Score History
You have not taken this quiz